Desert tortoise gopherus agassizii: status of knowledge outline with references
I tiakina i:
| Ngā kaituhi matua: | , |
|---|---|
| Hōputu: | Pukapuka |
| Reo: | Ingarihi |
| I whakaputaina: |
Ogden
Intermountain Research Station
1995
|
| Ngā marau: | |
| Ngā Tūtohu: |
Tāpirihia he Tūtohu
Kāore He Tūtohu, Me noho koe te mea tuatahi ki te tūtohu i tēnei pūkete!
|
MARC
| LEADER | 00000nam a2200000 a 4500 | ||
|---|---|---|---|
| 001 | UCU4446 | ||
| 003 | CL-VaPUC | ||
| 008 | 960524e19950000US |||||||||||||||||eng|d | ||
| 082 | 0 | 4 | |a 597.92 |b GRO |2 21 |
| 100 | 0 | |a Grover, Mark C |e author |9 362002 | |
| 700 | 0 | |a DeFalco, Lesley A |e author |9 362003 | |
| 245 | 1 | 0 | |a Desert tortoise gopherus agassizii: status of knowledge outline with references |
| 300 | |a 134 p | ||
| 942 | |c BK | ||
| 945 | |d 19960524 00:00:00 |a rbrito | ||
| 260 | |a Ogden |b Intermountain Research Station |c 1995 | ||
| 650 | 0 | |a Zoología |9 261613 | |
| 650 | 0 | |a Animales |9 269820 | |
| 650 | 0 | |a Taxonomía animal |9 347468 | |
| 650 | 7 | |a TORTUGAS |2 CL-VaPUC |9 353576 | |
| 650 | 0 | |a Nutrición |9 259434 | |
| 650 | 0 | |a Genética |9 259443 | |
| 650 | 7 | |a HABITAT |2 CL-VaPUC |9 267395 | |
| 650 | 7 | |a FISIOLOGIA |2 CL-VaPUC |9 362004 | |
| 583 | |a last modification |c 19960524 00:00:00 |k Rodrigo Vera | ||
| 999 | |c 248149 |d 248147 | ||
| 952 | |0 0 |1 0 |4 0 |6 597_920000000000000_GRO_1995 |7 0 |8 A |9 264585 |a BIBING |b BIBING |d 2019-11-19 |i 3202585 |l 1 |o 597.92 GRO 1995 |p 3202585 |r 2025-01-20 |s 2024-11-05 |w 2019-11-19 |y BK |k GEO | ||